| 000 | 00795nac a22002291u 4500 | ||
|---|---|---|---|
| 005 | 20171029134230.0 | ||
| 008 | 171029b xxu||||| |||| 00| 0 eng d | ||
| 020 | _a0471452491 | ||
| 082 | 0 | 4 |
_a005.43 _bSIL _222 |
| 100 |
_aSilberschatz, Abraham. _98856 |
||
| 245 |
_aOperating system concepts with Java / _cAbraham Silberschatz, Peter Baer Galvin, Greg Gagne. |
||
| 250 | _a6th ed. | ||
| 260 |
_aHoboken, N.J. : _bJohn Wiley & Sons, _cc2004. |
||
| 300 |
_axxiii, 952 p. _bill. ; _c25 cm. |
||
| 504 | _aIncludes bibliographical references (p. 873-899) and index. | ||
| 650 |
_aJava (Computer program language) _2BUEsh |
||
| 650 |
_aOperating systems (Computers) _2BUEsh |
||
| 651 | _2BUEsh | ||
| 700 | _aGalvin, Peter B. | ||
| 700 |
_aGagne, Greg. _98859 |
||
| 942 |
_cBB _k005.133S5824 _2ddc |
||
| 999 |
_c511 _d511 |
||